Analýza vývoje přímých zahraničních investic (PZI) do ČR v porovnání s okolními zeměmi
Význam priamych zahraničných investícií (PZI) a ich vývoj v ČR a vybraných krajinách v rokoch 1993-1999. Analýza PZI do ČR a na Slovensko v rokoch 2000-2002. Príliv PZI do vybraných krajín (Česko, Poľsko, Maďarsko, Slovensko, Rakúsko, Nemecko) v rokoch 2000-2002.
Na minha lista:
| Autor principal: | |
|---|---|
| Formato: | Capítulo de Livro |
| Idioma: | tcheco |
| Assuntos: | |
| Tags: |
Sem tags, seja o primeiro a adicionar uma tag!
|
MARC
| LEADER | 00000naa$a2200000$$$4500 | ||
|---|---|---|---|
| 001 | 0021951 | ||
| 005 | 20230913114431.2 | ||
| 041 | 0 | |a cze | |
| 044 | |a CZ | ||
| 245 | 1 | 0 | |a Analýza vývoje přímých zahraničních investic (PZI) do ČR v porovnání s okolními zeměmi |c Milan Hrdý |
| 520 | |a Význam priamych zahraničných investícií (PZI) a ich vývoj v ČR a vybraných krajinách v rokoch 1993-1999. Analýza PZI do ČR a na Slovensko v rokoch 2000-2002. Príliv PZI do vybraných krajín (Česko, Poľsko, Maďarsko, Slovensko, Rakúsko, Nemecko) v rokoch 2000-2002. | ||
| 610 | 2 | 0 | |a investície priame zahraničné |
| 610 | 2 | 0 | |a porovnanie medzinárodné |
| 610 | 2 | 0 | |a Česko |
| 610 | 2 | 0 | |a Slovensko |
| 610 | 2 | 0 | |a odvetvia činnosti ekonomickej |
| 100 | 1 | |a Hrdý, Milan | |